[Event "SF-2011-0-00113"]
[Site "LSS email"]
[Date "2011.09.30"]
[Round "?"]
[White "Ruiz, Ana"]
[Black "Slavin, Pablo"]
[Result "0-1"]
[WhiteElo "1118"]
[BlackElo "1219"]
[PlyCount "27"]
[EventDate "2011.08.17"]
[EventType "tourn (corr)"]
[EventRounds "6"]
[EventCountry "GER"]
[SourceTitle "Corr 2015"]
[Source "ChessBase"]
[SourceDate "2015.07.17"]
[SourceVersion "1"]
[SourceVersionDate "2015.07.17"]
[SourceQuality "1"]

1. d4 Nf6 2. Bg5 Ne4 3. Bf4 d5 4. f3 Nf6 5. e4 c6 6. Nc3 dxe4 7. fxe4 Bg4 8. Qd2 e6 9. a3 Be7 10. Nf3 Nh5 11. Be3 Bxf3 12. gxf3 Bh4+ 13. Bf2 Bg5 14. Be3 0-1

[Event "SF-2011-0-00111"]
[Site "LSS email"]
[Date "2011.09.14"]
[Round "?"]
[White "Loktayev, Vladislav"]
[Black "Ruiz, Ana"]
[Result "1-0"]
[WhiteElo "1298"]
[BlackElo "1118"]
[PlyCount "23"]
[EventDate "2011.08.07"]
[EventType "tourn (corr)"]
[EventRounds "6"]
[EventCountry "GER"]
[SourceTitle "Corr 2015"]
[Source "ChessBase"]
[SourceDate "2015.07.17"]
[SourceVersion "1"]
[SourceVersionDate "2015.07.17"]
[SourceQuality "1"]

1. e4 d5 2. exd5 Qxd5 3. Nc3 Qd6 4. Nf3 Nf6 5. Bc4 a6 6. 0-0 b5 7. Bb3 Bb7 8. d4 e6 9. Re1 Be7 10. a3 Nbd7 11. Bg5 h6 12. Bh4 1-0

[Event "SF-2011-0-00111"]
[Site "LSS email"]
[Date "2011.09.13"]
[Round "?"]
[White "Shim Ng Min, Francis"]
[Black "Ruiz, Ana"]
[Result "0-1"]
[WhiteElo "1117"]
[BlackElo "1118"]
[PlyCount "26"]
[EventDate "2011.08.07"]
[EventType "tourn (corr)"]
[EventRounds "6"]
[EventCountry "GER"]
[SourceTitle "Corr 2015"]
[Source "ChessBase"]
[SourceDate "2015.07.17"]
[SourceVersion "1"]
[SourceVersionDate "2015.07.17"]
[SourceQuality "1"]

1. e4 d5 2. exd5 Qxd5 3. Nc3 Qd6 4. d4 Nf6 5. Nf3 a6 6. Be3 b5 7. Bd3 Bb7 8. Qd2 Nbd7 9. 0-0-0 e6 10. Bf4 Qb6 11. Be3 Qa5 12. Kb1 Bb4 13. Rhg1 Nd5 0-1

[Event "SF-2011-0-00102"]
[Site "LSS email"]
[Date "2011.06.25"]
[Round "?"]
[White "Ruiz, Ana"]
[Black "Schnoewitz, Brigitte"]
[Result "1-0"]
[WhiteElo "1242"]
[BlackElo "1232"]
[PlyCount "60"]
[EventDate "2011.06.02"]
[EventType "tourn (corr)"]
[EventRounds "6"]
[EventCountry "GER"]
[SourceTitle "Telechess CBM 149"]
[Source "ChessBase"]
[SourceDate "2012.07.17"]
[SourceVersion "1"]
[SourceVersionDate "2012.07.17"]
[SourceQuality "1"]

1. d4 d5 2. Nf3 e6 3. Bf4 Nf6 4. e3 Be7 5. Bd3 0-0 6. Nbd2 c5 7. c3 Nc6 8. Ne5 cxd4 9. exd4 Nxe5 10. dxe5 Nd7 11. Nf3 f6 12. Qc2 f5 13. h4 Nc5 14. 0-0-0 Nxd3+ 15. Qxd3 Qa5 16. Kb1 b5 17. Bg5 Bxg5 18. hxg5 b4 19. Nd4 bxc3 20. Qh3 Qb6 21. Qxh7+ Kf7 22. b3 Ba6 23. g6+ Ke8 24. Qxg7 Bc4 25. Rh7 c2+ 26. Nxc2 Qd8 27. bxc4 Rb8+ 28. Ka1 Rc8 29. Nd4 dxc4 30. Qxf8+ Kxf8 1-0

[Event "SF-2011-0-00102"]
[Site "LSS email"]
[Date "2011.06.25"]
[Round "?"]
[White "Ruiz, Ana"]
[Black "Shim Ng Min, Francis"]
[Result "1-0"]
[WhiteElo "1242"]
[BlackElo "1182"]
[PlyCount "81"]
[EventDate "2011.06.02"]
[EventType "tourn (corr)"]
[EventRounds "6"]
[EventCountry "GER"]
[SourceTitle "Telechess CBM 149"]
[Source "ChessBase"]
[SourceDate "2012.07.17"]
[SourceVersion "1"]
[SourceVersionDate "2012.07.17"]
[SourceQuality "1"]

1. d4 d5 2. Nf3 Nf6 3. Bf4 Bf5 4. e3 e6 5. Nbd2 Bd6 6. Ne5 Nbd7 7. Be2 Qe7 8. g4 Bg6 9. h4 h5 10. Nxg6 fxg6 11. Bxd6 Qxd6 12. g5 Ng8 13. c4 c6 14. Qb3 0-0-0 15. 0-0-0 Ne7 16. Kb1 Kb8 17. c5 Qc7 18. f4 Nf5 19. Nf3 Ng3 20. Rh2 Nxe2 21. Rxe2 Rhf8 22. Rc2 Qa5 23. Rc3 Rf5 24. Qc2 a6 25. Rdd3 Ka7 26. Ra3 Qc7 27. Rdc3 Rb8 28. Qd3 Ra8 29. b4 Kb8 30. Rab3 Kc8 31. a4 Kd8 32. Nd2 Ke7 33. Nf1 Nf8 34. Kc2 Ke8 35. Ra3 Rf7 36. Nd2 Re7 37. Nf3 Rf7 38. Ne5 Rf5 39. b5 Ke7 40. bxc6 bxc6 41. Rcb3 1-0

[Event "SF-2011-0-00102"]
[Site "LSS email"]
[Date "2011.06.24"]
[Round "?"]
[White "Ruiz, Ana"]
[Black "Raines, David T"]
[Result "1/2-1/2"]
[WhiteElo "1242"]
[BlackElo "1144"]
[PlyCount "27"]
[EventDate "2011.06.02"]
[EventType "tourn (corr)"]
[EventRounds "6"]
[EventCountry "GER"]
[SourceTitle "Corr 2015"]
[Source "ChessBase"]
[SourceDate "2015.07.17"]
[SourceVersion "1"]
[SourceVersionDate "2015.07.17"]
[SourceQuality "1"]

1. d4 Nf6 2. Bg5 e6 3. Nf3 Be7 4. e3 d5 5. Nbd2 Nbd7 6. Bd3 c5 7. c3 c4 8. Bc2 a6 9. 0-0 b5 10. e4 dxe4 11. Nxe4 Bb7 12. Nxf6+ Nxf6 13. Qe2 0-0 14. Rfe1 1/2-1/2

[Event "SF-2011-0-00097"]
[Site "LSS email"]
[Date "2011.05.28"]
[Round "?"]
[White "Ruiz, Ana"]
[Black "Slavin, Pablo"]
[Result "1/2-1/2"]
[WhiteElo "1118"]
[BlackElo "1219"]
[PlyCount "53"]
[EventDate "2011.04.12"]
[EventType "tourn (corr)"]
[EventRounds "6"]
[EventCountry "GER"]
[SourceTitle "Telechess CBM 157"]
[Source "ChessBase"]
[SourceDate "2013.11.12"]
[SourceVersion "1"]
[SourceVersionDate "2013.11.12"]
[SourceQuality "1"]

1. d4 Nf6 2. Bg5 Ne4 3. Bf4 d5 4. f3 Nf6 5. Nc3 c6 6. e4 dxe4 7. fxe4 Qa5 8. Qd2 Bg4 9. h3 Bh5 10. g4 Bg6 11. Bg2 e6 12. Nge2 Bb4 13. Qe3 Nbd7 14. 0-0-0 0-0-0 15. a3 Be7 16. Bg3 Ne8 17. h4 h5 18. g5 Bd6 19. e5 Be7 20. Nf4 Bf5 21. Be4 Bxe4 22. Nxe4 Nb6 23. Be1 Qb5 24. Qb3 Qxb3 25. cxb3 g6 26. Ba5 Ng7 27. Ng3 1/2-1/2

[Event "BI-2011-P-00005"]
[Site "LSS email"]
[Date "2011.04.17"]
[Round "?"]
[White "Baranowski, Tadeusz"]
[Black "Ruiz, Ana"]
[Result "1-0"]
[WhiteElo "2309"]
[BlackElo "1242"]
[PlyCount "65"]
[EventDate "2011.04.20"]
[EventType "tourn (corr)"]
[EventRounds "10"]
[EventCountry "GER"]
[SourceTitle "Telechess CBM 151"]
[Source "ChessBase"]
[SourceDate "2012.11.13"]
[SourceVersion "1"]
[SourceVersionDate "2012.11.13"]
[SourceQuality "1"]

1. Nf3 f5 2. c4 Nf6 3. g3 d6 4. d4 g6 5. Nc3 Bg7 6. Bg2 0-0 7. 0-0 c6 8. Qb3 Na6 9. Rd1 Qe8 10. c5+ Kh8 11. cxd6 exd6 12. Bf4 Ne4 13. d5 Nac5 14. Qa3 Nxc3 15. bxc3 Ne4 16. Bxd6 Nxd6 17. Qxd6 cxd5 18. Nd4 Bd7 19. Qxd5 Bc6 20. Nxc6 Qxc6 21. Qxc6 bxc6 22. Rac1 Rab8 23. Rd7 a5 24. e3 Rfc8 25. a4 Rd8 26. Ra7 Ra8 27. Rxa8 Rxa8 28. c4 Rc8 29. Rb1 Bc3 30. Rb6 c5 31. Rb7 Be5 32. f4 Bc3 33. Kf1 1-0

[Event "BI-2011-P-00005"]
[Site "LSS email"]
[Date "2011.04.17"]
[Round "?"]
[White "Ruiz, Ana"]
[Black "Kasabasic, Djordje"]
[Result "0-1"]
[WhiteElo "1242"]
[BlackElo "2069"]
[PlyCount "46"]
[EventDate "2011.04.20"]
[EventType "tourn (corr)"]
[EventRounds "10"]
[EventCountry "GER"]
[SourceTitle "Telechess CBM 151"]
[Source "ChessBase"]
[SourceDate "2012.11.13"]
[SourceVersion "1"]
[SourceVersionDate "2012.11.13"]
[SourceQuality "1"]

1. d4 Nf6 2. Bg5 Ne4 3. Bf4 c5 4. f3 Qa5+ 5. c3 Nf6 6. d5 Qb6 7. b3 e6 8. e4 exd5 9. exd5 Bd6 10. Bg5 Be7 11. Ne2 0-0 12. c4 Re8 13. Nbc3 d6 14. Qd2 Nbd7 15. Be3 Nh5 16. g3 a6 17. Kf2 Ne5 18. h3 Qd8 19. f4 Ng6 20. Bg2 Nf6 21. Rae1 Bf5 22. Rhf1 Qd7 23. Ng1 b5 0-1

[Event "BI-2011-P-00005"]
[Site "LSS email"]
[Date "2011.04.17"]
[Round "?"]
[White "Ruiz, Ana"]
[Black "Loginov, Pavel"]
[Result "0-1"]
[WhiteElo "1242"]
[BlackElo "1558"]
[PlyCount "48"]
[EventDate "2011.04.20"]
[EventType "tourn (corr)"]
[EventRounds "10"]
[EventCountry "GER"]
[SourceTitle "Telechess CBM 151"]
[Source "ChessBase"]
[SourceDate "2012.11.13"]
[SourceVersion "1"]
[SourceVersionDate "2012.11.13"]
[SourceQuality "1"]

1. d4 d5 2. Nf3 Nf6 3. Bf4 c5 4. c3 Nc6 5. dxc5 e6 6. b4 a5 7. b5 Ne7 8. Be5 Ng6 9. Bd4 Bd7 10. e3 Rc8 11. Bd3 Bxc5 12. Ne5 Bxd4 13. cxd4 Nxe5 14. dxe5 Ng4 15. Nd2 Nxe5 16. Nf3 Nxd3+ 17. Qxd3 Qf6 18. 0-0 Qc3 19. Qxc3 Rxc3 20. Rfc1 Rxc1+ 21. Rxc1 Ke7 22. a4 Rc8 23. Rxc8 Bxc8 24. Kf1 Kd6 0-1

[Event "RN-2011-0-00368"]
[Site "LSS email"]
[Date "2011.04.07"]
[Round "?"]
[White "Vontina, Maria"]
[Black "Ruiz, Ana"]
[Result "0-1"]
[WhiteElo "652"]
[BlackElo "1102"]
[PlyCount "58"]
[EventDate "2011.03.27"]
[EventType "tourn (corr)"]
[EventRounds "6"]
[EventCountry "GER"]
[SourceTitle "Telechess CBM 147"]
[Source "ChessBase"]
[SourceDate "2012.03.16"]
[SourceVersion "1"]
[SourceVersionDate "2012.03.16"]
[SourceQuality "1"]

1. e4 d5 2. exd5 Qxd5 3. Nc3 Qd6 4. Nf3 Nf6 5. Be2 a6 6. 0-0 Nc6 7. d3 e5 8. Bg5 Be7 9. Re1 h6 10. Bh4 Bf5 11. Bf1 0-0-0 12. Bg3 Bg4 13. h3 Bxf3 14. Qxf3 Rhe8 15. a3 Nd4 16. Qd1 Nd7 17. Ne4 Qg6 18. b4 f5 19. Nd2 Bf6 20. Nc4 f4 21. Bh2 e4 22. dxe4 Nb5 23. Rb1 Nc3 24. Qc1 Nxb1 25. Qxb1 Rxe4 26. Bd3 Rxe1+ 27. Qxe1 Qg5 28. Qe4 f3 29. Qxf3 Qc1+ 0-1

[Event "ZN-2011-0-01387"]
[Site "LSS email"]
[Date "2011.03.14"]
[Round "?"]
[White "Martindale, Roger"]
[Black "Ruiz, Ana"]
[Result "0-1"]
[WhiteElo "740"]
[BlackElo "1101"]
[PlyCount "26"]
[EventDate "2011.03.11"]
[EventType "match (corr)"]
[EventRounds "2"]
[EventCountry "GER"]
[SourceTitle "Corr 2015"]
[Source "ChessBase"]
[SourceDate "2015.07.17"]
[SourceVersion "1"]
[SourceVersionDate "2015.07.17"]
[SourceQuality "1"]

1. e4 d5 2. exd5 Qxd5 3. Nc3 Qd6 4. Nf3 Nf6 5. h3 a6 6. d4 b5 7. a3 Bb7 8. Be2 e6 9. b4 Nbd7 10. Be3 Qc6 11. Qd2 Bd6 12. Bf4 Bxf4 13. Qxf4 Qxc3+ 0-1

[Event "ZN-2011-0-01387"]
[Site "LSS email"]
[Date "2011.03.14"]
[Round "?"]
[White "Ruiz, Ana"]
[Black "Martindale, Roger"]
[Result "1-0"]
[WhiteElo "1101"]
[BlackElo "740"]
[PlyCount "63"]
[EventDate "2011.03.11"]
[EventType "match (corr)"]
[EventRounds "2"]
[EventCountry "GER"]
[SourceTitle "Telechess CBM 145"]
[Source "Chessbase"]
[SourceDate "2011.11.11"]
[SourceVersion "1"]
[SourceVersionDate "2011.11.11"]
[SourceQuality "1"]

1. d4 d5 2. Nf3 h6 3. Bf4 a6 4. e3 Nf6 5. h3 Nc6 6. Bd3 e6 7. c3 b5 8. Nbd2 Bd6 9. 0-0 Bxf4 10. exf4 Bd7 11. Qe2 0-0 12. Ne5 Nxe5 13. fxe5 Ne8 14. f4 f6 15. exf6 Nxf6 16. Rae1 Re8 17. Qe5 Rc8 18. Nb3 Ra8 19. Bg6 Rf8 20. Nc5 Ra7 21. Nxe6 Bxe6 22. Qxe6+ Kh8 23. Re5 Qd7 24. Qxd7 Nxd7 25. Rxd5 Nf6 26. Re5 c6 27. g3 Nd5 28. Rfe1 Nf6 29. Rc5 Rc7 30. Re6 Nd5 31. Rcxc6 Rf6 32. Re8+ 1-0

[Event "OP-2011-0-01422"]
[Site "LSS email"]
[Date "2011.02.26"]
[Round "?"]
[White "Mori, Roberto"]
[Black "Ruiz, Ana"]
[Result "0-1"]
[WhiteElo "601"]
[BlackElo "1101"]
[PlyCount "72"]
[EventDate "2011.02.22"]
[EventType "tourn (corr)"]
[EventRounds "4"]
[EventCountry "GER"]
[SourceTitle "Telechess CBM 145"]
[Source "Chessbase"]
[SourceDate "2011.11.11"]
[SourceVersion "1"]
[SourceVersionDate "2011.11.11"]
[SourceQuality "1"]

1. e4 d5 2. exd5 Qxd5 3. Nc3 Qd6 4. Nb5 Qd8 5. Nf3 Bg4 6. Be2 Nf6 7. 0-0 a6 8. Nc3 e6 9. h3 Bh5 10. d3 Nbd7 11. a3 Bd6 12. Nd4 Bg6 13. Bg5 c5 14. Nf3 h6 15. Bh4 Qc7 16. d4 cxd4 17. Nxd4 Bh2+ 18. Kh1 Be5 19. Bg3 Bxg3 20. fxg3 Qxg3 21. Qe1 Qe5 22. Qd1 0-0 23. Nf3 Qg3 24. Bd3 Bxd3 25. cxd3 Rfd8 26. Ne2 Qd6 27. Rc1 Rac8 28. Nc3 Nc5 29. d4 Nce4 30. Nxe4 Nxe4 31. Kg1 Qf4 32. Nd2 Qxd2 33. Qf3 Rxc1 34. Qxe4 Qxd4+ 35. Qxd4 Rxf1+ 36. Kxf1 Rxd4 0-1

[Event "OP-2011-0-01422"]
[Site "LSS email"]
[Date "2011.02.26"]
[Round "?"]
[White "Ruiz, Ana"]
[Black "Tascier, Fadil"]
[Result "1-0"]
[WhiteElo "1101"]
[BlackElo "839"]
[PlyCount "83"]
[EventDate "2011.02.22"]
[EventType "tourn (corr)"]
[EventRounds "4"]
[EventCountry "GER"]
[SourceTitle "Telechess CBM 145"]
[Source "Chessbase"]
[SourceDate "2011.11.11"]
[SourceVersion "1"]
[SourceVersionDate "2011.11.11"]
[SourceQuality "1"]

1. d4 d5 2. Nf3 c5 3. c3 Nc6 4. dxc5 e5 5. b4 Nf6 6. e3 Bg4 7. Be2 Bxf3 8. gxf3 a5 9. b5 Ne7 10. c4 Nf5 11. Qd3 Nh6 12. Bb2 dxc4 13. Qxd8+ Rxd8 14. Bxe5 Bxc5 15. Bxc4 Nf5 16. Ke2 0-0 17. Bxf6 gxf6 18. Rg1+ Kh8 19. Nd2 Nd6 20. Bd3 b6 21. Rg3 Rg8 22. Rh3 f5 23. Rh5 Bb4 24. Nb3 Rg7 25. Rc1 a4 26. Nd4 Bc5 27. Nxf5 Nxf5 28. Bxf5 Rd5 29. Rc4 Rg1 30. Rxh7+ Kg8 31. Be4 Rdd1 32. f4 Rde1+ 33. Kf3 Rgf1 34. Rc3 Ra1 35. Rc2 Rae1 36. Rxc5 bxc5 37. b6 Rb1 38. Bxb1 Rxb1 39. Rh6 Kg7 40. Rc6 Rb5 41. Ke4 Kf8 42. Kd5 1-0